Spektroskopické štúdium fotoindukovaných procesov derivátov chinolónov

Guardado en:
Detalles Bibliográficos
Autor principal: Lietava, Jozef
Formato: Libro
Lenguaje:eslovaco
Publicado: Bratislava STU FCHPT 2011
Acceso en línea:Ver en el OPAC
Etiquetas: Agregar Etiqueta
Sin Etiquetas, Sea el primero en etiquetar este registro!

MARC

LEADER 00000nam a2200000 a 4500
005 20260127134140.0
008 110905 2011 xo 000 0 slo d
035 |a vtls010308460 
039 9 |a 201109051107  |b mschk03  |y 201109051040  |z mschk03 
040 |a STUSCHK1  |b slo  |c STUSCHK1  |e AACR2 
100 1 |a Lietava, Jozef 
245 1 |a Spektroskopické štúdium fotoindukovaných procesov derivátov chinolónov  |c Jozef Lietava 
260 |a Bratislava  |b STU FCHPT  |c 2011 
300 |a 60s.  |b il.  |c 30 cm 
500 |a Obháj.: 12.7. 2011 
500 |a Študijný program: chémia a medicínska chémia 
500 |a Študijný odbor: 4.1.14 chémia 
500 |a Bakalárska práca 
500 |a FCHPT, Oddelenie fyzikálnej chémie 
500 |a Evidenčné číslo: 5427-50111 
910 |a SCHK95 
999 |c 5198  |d 5198